[Event "Masters Tournament (MTO)"]
[Site "Biel, CH"]
[Date "2025.07.23"]
[Round "9"]
[White "Deshpande, Aniruddha"]
[Black "Lilliehook, Victor"]
[Result "1-0"]
[Board "17"]
[WhiteFideId "5021774"]
[BlackFideId "1752103"]
[WhiteTitle "FM"]
[WhiteElo "2263"]
[BlackElo "2074"]
[WhiteTeam "IND"]
[BlackTeam "SWE"]
[WhiteClock "0:05:05"]
[BlackClock "0:03:37"]
[Variant "Standard"]

1. c4 {[%clk 1:40:51]}  e6 {[%clk 1:40:56]} 2. Nf3 {[%clk 1:40:27]}  d5 {[%clk 1:40:09]} 3. g3 {[%clk 1:40:16]}  d4 {[%clk 1:39:41]} 4. Bg2 {[%clk 1:40:14]}  c5 {[%clk 1:34:59]} 5. O-O {[%clk 1:35:27]}  Nc6 {[%clk 1:40:58]} 6. e3 {[%clk 1:34:58]}  Nf6 {[%clk 1:41:09]} 7. exd4 {[%clk 1:34:46]}  cxd4 {[%clk 1:41:30]} 8. d3 {[%clk 1:34:56]}  h6 {[%clk 1:40:39]} 9. Re1 {[%clk 1:34:25]}  Bd6 {[%clk 1:42:22]} 10. Na3 {[%clk 1:31:26]}  O-O {[%clk 1:42:45]} 11. Nc2 {[%clk 1:30:39]}  a5 {[%clk 1:34:58]} 12. a3 {[%clk 1:22:33]}  e5 {[%clk 1:42:53]} 13. Bd2 {[%clk 1:19:25]}  Bf5 {[%clk 1:36:57]} 14. Bf1 {[%clk 0:58:57]}  a4 {[%clk 1:35:10]} 15. Nb4 {[%clk 0:51:29]}  Nd7 {[%clk 1:24:09]} 16. Nh4 {[%clk 0:59:01]}  Bh7 {[%clk 1:19:55]} 17. Qf3 {[%clk 0:41:57]}  Bxb4 {[%clk 1:02:01]} 18. axb4 {[%clk 0:37:55]}  f5 {[%clk 0:51:00]} 19. Qd5+ {[%clk 0:37:55]}  Kh8 {[%clk 0:46:20]} 20. f4 {[%clk 0:22:51]}  exf4 {[%clk 0:38:34]} 21. b5 {[%clk 0:32:53]}  fxg3 {[%clk 0:39:11]} 22. hxg3 {[%clk 0:24:25]}  Nce5 {[%clk 0:25:56]} 23. Rxe5 {[%clk 0:18:30]}  Nxe5 {[%clk 0:28:00]} 24. Qxe5 {[%clk 0:18:56]}  Re8 {[%clk 0:22:33]} 25. Qc5 {[%clk 0:16:59]}  f4 {[%clk 0:19:07]} 26. Bxf4 {[%clk 0:13:46]}  b6 {[%clk 0:17:37]} 27. Qd6 {[%clk 0:11:36]}  Qxd6 {[%clk 0:16:10]} 28. Bxd6 {[%clk 0:12:02]}  Re6 {[%clk 0:09:42]} 29. c5 {[%clk 0:08:50]}  Ra5 {[%clk 0:08:53]} 30. Bh3 {[%clk 0:06:26]}  Rf6 {[%clk 0:07:38]} 31. Be5 {[%clk 0:06:16]}  Rf8 {[%clk 0:06:45]} 32. c6 {[%clk 0:06:15]}  Rxb5 {[%clk 0:06:48]} 33. Bd6 {[%clk 0:06:32]}  Rg8 {[%clk 0:05:41]} 34. c7 {[%clk 0:03:56]}  g5 {[%clk 0:04:17]} 35. Be6 {[%clk 0:04:25]}  gxh4 {[%clk 0:03:33]} 36. Bxg8 {[%clk 0:04:45]}  Bf5 {[%clk 0:03:58]} 37. Rf1 {[%clk 0:04:41]}  Bh3 {[%clk 0:03:02]} 38. Bc4 {[%clk 0:04:31]}  Rxb2 {[%clk 0:02:16]} 39. Be5+ {[%clk 0:04:32]}  Kh7 {[%clk 0:03:21]} 40. Rf7+ {[%clk 0:04:49]}  Kg6 {[%clk 0:03:37]} 41. Rg7+ {[%clk 0:05:05]} 1-0

[Event "Masters Tournament (MTO)"]
[Site "Biel, CH"]
[Date "2025.07.23"]
[Round "9"]
[White "Wuebker, Paul-Luca"]
[Black "Snodgrass, Benjamin"]
[Result "1/2-1/2"]
[Board "18"]
[WhiteFideId "12939528"]
[BlackFideId "30915422"]
[WhiteTitle "CM"]
[WhiteElo "2250"]
[BlackElo "1964"]
[WhiteTeam "GER"]
[BlackTeam "USA"]
[WhiteClock "0:07:11"]
[BlackClock "0:01:07"]
[Variant "Standard"]

1. Nf3 {[%clk 1:40:55]}  d6 {[%clk 1:40:11]} 2. d4 {[%clk 1:39:35]}  Bg4 {[%clk 1:40:32]} 3. c4 {[%clk 1:36:24]}  Nd7 {[%clk 1:40:49]} 4. Nc3 {[%clk 1:36:07]}  Ngf6 {[%clk 1:39:48]} 5. g3 {[%clk 1:30:42]}  e5 {[%clk 1:29:03]} 6. Bg2 {[%clk 1:30:19]}  Be7 {[%clk 1:27:44]} 7. h3 {[%clk 1:21:46]}  Bh5 {[%clk 1:13:26]} 8. Nh4 {[%clk 1:17:29]}  exd4 {[%clk 1:00:40]} 9. Qxd4 {[%clk 1:17:33]}  Nc5 {[%clk 0:57:54]} 10. Nf5 {[%clk 1:10:26]}  O-O {[%clk 0:55:47]} 11. O-O {[%clk 1:08:26]}  Bg6 {[%clk 0:35:09]} 12. Nxe7+ {[%clk 1:06:04]}  Qxe7 {[%clk 0:35:35]} 13. b3 {[%clk 1:04:05]}  Nce4 {[%clk 0:20:34]} 14. Nxe4 {[%clk 0:50:56]}  Bxe4 {[%clk 0:29:40]} 15. f3 {[%clk 0:51:09]}  Bc6 {[%clk 0:29:11]} 16. e4 {[%clk 0:45:42]}  a5 {[%clk 0:26:34]} 17. Bb2 {[%clk 0:45:37]}  Rfe8 {[%clk 0:22:59]} 18. a4 {[%clk 0:44:43]}  Qf8 {[%clk 0:22:41]} 19. g4 {[%clk 0:44:14]}  Nd7 {[%clk 0:22:38]} 20. Rae1 {[%clk 0:44:09]}  Nc5 {[%clk 0:22:50]} 21. Qc3 {[%clk 0:44:06]}  Ra6 {[%clk 0:22:46]} 22. Ba3 {[%clk 0:42:31]}  Raa8 {[%clk 0:20:46]} 23. h4 {[%clk 0:41:29]}  Qe7 {[%clk 0:20:40]} 24. Bb2 {[%clk 0:41:45]}  Qe5 {[%clk 0:19:31]} 25. Re3 {[%clk 0:36:18]}  f6 {[%clk 0:17:47]} 26. Kf2 {[%clk 0:35:31]}  Qf4 {[%clk 0:15:29]} 27. Rfe1 {[%clk 0:34:01]}  Qh2 {[%clk 0:09:57]} 28. Rh1 {[%clk 0:33:54]}  Qf4 {[%clk 0:10:23]} 29. Bc1 {[%clk 0:32:48]}  Rxe4 {[%clk 0:08:58]} 30. Rd3 {[%clk 0:17:50]}  Nxd3+ {[%clk 0:06:46]} 31. Qxd3 {[%clk 0:18:14]}  Rd4 {[%clk 0:07:11]} 32. Qc3 {[%clk 0:18:11]}  Qe5 {[%clk 0:06:46]} 33. Bb2 {[%clk 0:18:33]}  Rf4 {[%clk 0:06:19]} 34. Qd2 {[%clk 0:18:57]}  Qc5+ {[%clk 0:06:08]} 35. Kg3 {[%clk 0:19:20]}  g5 {[%clk 0:05:40]} 36. hxg5 {[%clk 0:18:42]}  fxg5 {[%clk 0:06:00]} 37. Qd3 {[%clk 0:19:37]}  Rf7 {[%clk 0:03:19]} 38. Bd4 {[%clk 0:11:47]}  Qb4 {[%clk 0:02:42]} 39. Qg6+ {[%clk 0:12:09]}  Kf8 {[%clk 0:03:07]} 40. Qh6+ {[%clk 0:12:28]}  Kg8 {[%clk 0:00:51]} 41. Qxg5+ {[%clk 0:11:37]}  Kf8 {[%clk 0:01:12]} 42. Qh6+ {[%clk 0:10:40]}  Ke7 {[%clk 0:28:43]} 43. Qe3+ {[%clk 0:32:52]}  Kd7 {[%clk 0:20:12]} 44. g5 {[%clk 0:23:33]}  Re8 {[%clk 0:19:33]} 45. Qd3 {[%clk 0:16:15]}  Kc8 {[%clk 0:19:41]} 46. Bh3+ {[%clk 0:14:02]}  Kb8 {[%clk 0:19:23]} 47. Bg4 {[%clk 0:14:24]}  Rfe7 {[%clk 0:15:53]} 48. Bf5 {[%clk 0:11:27]}  Re2 {[%clk 0:13:03]} 49. Rd1 {[%clk 0:08:53]}  Ra2 {[%clk 0:10:15]} 50. Bxh7 {[%clk 0:08:53]}  Bd7 {[%clk 0:02:31]} 51. Be4 {[%clk 0:07:41]}  d5 {[%clk 0:02:37]} 52. Bxd5 {[%clk 0:07:37]}  Qd6+ {[%clk 0:02:08]} 53. f4 {[%clk 0:08:04]}  Bc6 {[%clk 0:02:17]} 54. Rd2 {[%clk 0:06:26]}  Rxd2 {[%clk 0:02:23]} 55. Qxd2 {[%clk 0:06:00]}  Bd7 {[%clk 0:01:31]} 56. Qxa5 {[%clk 0:05:20]}  Bc6 {[%clk 0:00:14]} 57. Qa7+ {[%clk 0:03:44]}  Kc8 {[%clk 0:01:48]} 58. Qc5 {[%clk 0:05:28]}  Qg6 {[%clk 0:01:49]} 59. Bxc6 {[%clk 0:05:49]}  bxc6 {[%clk 0:02:11]} 60. Kg4 {[%clk 0:05:40]}  Kb7 {[%clk 0:01:38]} 61. a5 {[%clk 0:03:00]}  Qe6+ {[%clk 0:01:21]} 62. Kg3 {[%clk 0:04:36]}  Qe1+ {[%clk 0:02:02]} 63. Bf2 {[%clk 0:04:11]}  Qc3+ {[%clk 0:01:43]} 64. Kg4 {[%clk 0:05:26]}  Rh8 {[%clk 0:00:43]} 65. a6+ {[%clk 0:05:07]}  Kc8 {[%clk 0:01:13]} 66. Be3 {[%clk 0:05:44]}  Qxb3 {[%clk 0:00:53]} 67. Kf5 {[%clk 0:03:39]}  Re8 {[%clk 0:00:52]} 68. Bd4 {[%clk 0:03:34]}  Qh3+ {[%clk 0:01:14]} 69. Kg6 {[%clk 0:03:14]}  Qe6+ {[%clk 0:00:15]} 70. Kh7 {[%clk 0:02:26]}  Re7+ {[%clk 0:01:26]} 71. Bg7 {[%clk 0:02:45]}  Qf7 {[%clk 0:01:21]} 72. Qxe7 {[%clk 0:02:43]}  Qxe7 {[%clk 0:01:46]} 73. f5 {[%clk 0:02:34]}  Qxg5 {[%clk 0:02:01]} 74. f6 {[%clk 0:02:16]}  Qh4+ {[%clk 0:02:12]} 75. Kg6 {[%clk 0:02:40]}  Qg4+ {[%clk 0:01:55]} 76. Kh7 {[%clk 0:02:54]}  Qxc4 {[%clk 0:02:02]} 77. Kg6 {[%clk 0:02:51]}  Qg4+ {[%clk 0:02:11]} 78. Kf7 {[%clk 0:03:03]}  Qc4+ {[%clk 0:01:12]} 79. Ke7 {[%clk 0:03:24]}  Qc5+ {[%clk 0:01:07]} 80. Ke8 {[%clk 0:03:08]}  Qe3 {[%clk 0:01:28]} 81. Kf8 {[%clk 0:01:52]}  Qc5 {[%clk 0:00:38]} 82. Kg8 {[%clk 0:01:01]}  Kb8 {[%clk 0:00:35]} 83. f7 {[%clk 0:04:02]}  Qd5 {[%clk 0:00:49]} 84. Bf6 {[%clk 0:02:43]}  Ka7 {[%clk 0:00:58]} 85. Kg7 {[%clk 0:02:33]}  Qd7 {[%clk 0:00:54]} 86. Kg8 {[%clk 0:03:17]}  Qe6 {[%clk 0:00:45]} 87. Kg7 {[%clk 0:03:41]}  Qg4 {[%clk 0:01:38]} 88. Kh7 {[%clk 0:04:04]}  Qf5 {[%clk 0:01:13]} 89. Kg7 {[%clk 0:04:28]}  Qd7 {[%clk 0:01:35]} 90. Kg8 {[%clk 0:04:51]}  Qe6 {[%clk 0:01:46]} 91. Kg7 {[%clk 0:04:32]}  Qg4 {[%clk 0:01:59]} 92. Kh7 {[%clk 0:05:39]}  Qc8 {[%clk 0:02:20]} 93. Kg7 {[%clk 0:06:02]}  Kxa6 {[%clk 0:01:51]} 94. f8=Q {[%clk 0:06:25]}  Qxf8+ {[%clk 0:02:10]} 95. Kxf8 {[%clk 0:06:50]}  Kb5 {[%clk 0:01:59]} 96. Ke7 {[%clk 0:07:11]}  Kc4 {[%clk 0:01:07]} 1/2-1/2

[Event "Masters Tournament (MTO)"]
[Site "Biel, CH"]
[Date "2025.07.23"]
[Round "9"]
[White "Schimnatkowski, Lukas"]
[Black "Gut, Lionel"]
[Result "1-0"]
[Board "19"]
[WhiteFideId "12936723"]
[BlackFideId "1339966"]
[WhiteElo "2202"]
[BlackElo "2239"]
[WhiteTeam "GER"]
[BlackTeam "SUI"]
[WhiteClock "0:07:57"]
[BlackClock "0:45:37"]
[Variant "Standard"]

1. e4 {[%clk 1:40:30]}  c5 {[%clk 1:40:56]} 2. Nc3 {[%clk 1:40:26]}  d6 {[%clk 1:40:14]} 3. Nge2 {[%clk 1:39:57]}  Nf6 {[%clk 1:39:23]} 4. g3 {[%clk 1:39:48]}  g6 {[%clk 1:38:33]} 5. d4 {[%clk 1:39:39]}  cxd4 {[%clk 1:38:22]} 6. Nxd4 {[%clk 1:38:30]}  Bg7 {[%clk 1:37:39]} 7. Bg2 {[%clk 1:38:24]}  O-O {[%clk 1:37:19]} 8. O-O {[%clk 1:38:00]}  Nc6 {[%clk 1:36:56]} 9. Nde2 {[%clk 1:32:46]}  Rb8 {[%clk 1:28:36]} 10. h3 {[%clk 1:30:22]}  b5 {[%clk 1:22:55]} 11. Be3 {[%clk 1:12:10]}  a5 {[%clk 1:05:01]} 12. Qc1 {[%clk 1:08:21]}  Ba6 {[%clk 1:01:54]} 13. Re1 {[%clk 1:07:23]}  Re8 {[%clk 0:50:41]} 14. a3 {[%clk 1:03:46]}  Nd7 {[%clk 0:49:22]} 15. Bh6 {[%clk 1:03:25]}  Bh8 {[%clk 0:31:37]} 16. Nd5 {[%clk 0:51:10]}  Nde5 {[%clk 0:27:47]} 17. b3 {[%clk 0:45:14]}  Rc8 {[%clk 0:24:06]} 18. Qd2 {[%clk 0:36:50]}  e6 {[%clk 0:23:11]} 19. Ne3 {[%clk 0:33:33]}  Qb6 {[%clk 0:20:31]} 20. Rad1 {[%clk 0:31:50]}  Red8 {[%clk 0:14:54]} 21. Kh2 {[%clk 0:30:07]}  b4 {[%clk 0:08:28]} 22. f4 {[%clk 0:27:26]}  Nd7 {[%clk 0:05:10]} 23. axb4 {[%clk 0:15:00]}  axb4 {[%clk 0:02:44]} 24. Bg5 {[%clk 0:11:12]}  f6 {[%clk 0:01:17]} 25. Bh6 {[%clk 0:10:13]}  Nf8 {[%clk 0:35:56]} 26. f5 {[%clk 0:06:38]}  Bxe2 {[%clk 0:35:14]} 27. Rxe2 {[%clk 0:04:53]}  Qa7 {[%clk 0:29:28]} 28. fxe6 {[%clk 0:04:11]}  Nxe6 {[%clk 0:28:42]} 29. Qd5 {[%clk 0:03:58]}  Qf7 {[%clk 0:25:52]} 30. Rf2 {[%clk 0:01:35]}  Ne5 {[%clk 0:24:51]} 31. Qa5 {[%clk 0:00:07]}  Rb8 {[%clk 0:24:34]} 32. Bf1 {[%clk 0:01:07]}  Rd7 {[%clk 0:24:04]} 33. Bc4 {[%clk 0:00:20]}  Nxc4 {[%clk 0:23:55]} 34. Nxc4 {[%clk 0:01:31]}  Bg7 {[%clk 0:23:43]} 35. Bxg7 {[%clk 0:01:23]}  Kxg7 {[%clk 0:23:06]} 36. Nxd6 {[%clk 0:00:37]}  Qe7 {[%clk 0:22:46]} 37. e5 {[%clk 0:01:25]}  f5 {[%clk 0:22:11]} 38. Qd5 {[%clk 0:01:07]}  Rbd8 {[%clk 0:20:54]} 39. Rfd2 {[%clk 0:00:03]}  Kh8 {[%clk 0:19:53]} 40. Qc4 {[%clk 0:30:00]}  Ng5 {[%clk 0:12:12]} 41. Qf4 {[%clk 0:26:03]}  Kg8 {[%clk 0:03:03]} 42. Rd3 {[%clk 0:23:57]}  Rb8 {[%clk 0:47:50]} 43. Nxf5 {[%clk 0:08:46]}  Qc5 {[%clk 0:46:29]} 44. Nh6+ {[%clk 0:07:52]}  Kh8 {[%clk 0:46:02]} 45. Qf6+ {[%clk 0:07:52]}  Rg7 {[%clk 0:45:37]} 46. Rd8+ {[%clk 0:07:57]} 1-0

[Event "Masters Tournament (MTO)"]
[Site "Biel, CH"]
[Date "2025.07.23"]
[Round "9"]
[White "Saminskij, Jan"]
[Black "Chen, Jun-Wei"]
[Result "0-1"]
[Board "20"]
[WhiteFideId "1346962"]
[BlackFideId "16304128"]
[WhiteElo "2230"]
[BlackElo "1906"]
[WhiteTeam "SUI"]
[BlackTeam "TPE"]
[WhiteClock "0:02:30"]
[BlackClock "0:51:01"]
[Variant "Standard"]

1. e4 {[%clk 1:40:27]}  c5 {[%clk 1:40:55]} 2. Nf3 {[%clk 1:40:47]}  e6 {[%clk 1:41:20]} 3. d4 {[%clk 1:41:13]}  cxd4 {[%clk 1:41:43]} 4. Nxd4 {[%clk 1:41:38]}  Nc6 {[%clk 1:42:06]} 5. Nc3 {[%clk 1:42:04]}  Qc7 {[%clk 1:42:28]} 6. Be3 {[%clk 1:42:29]}  a6 {[%clk 1:42:52]} 7. Bd3 {[%clk 1:42:54]}  b5 {[%clk 1:39:31]} 8. Qe2 {[%clk 1:37:34]}  Bb7 {[%clk 1:42:38]} 9. Nxc6 {[%clk 1:31:08]}  dxc6 {[%clk 1:37:45]} 10. a4 {[%clk 1:26:36]}  Nf6 {[%clk 1:34:08]} 11. O-O {[%clk 1:28:30]}  Be7 {[%clk 1:33:03]} 12. f4 {[%clk 1:25:15]}  b4 {[%clk 1:30:08]} 13. Nb1 {[%clk 1:24:40]}  O-O {[%clk 1:29:00]} 14. Nd2 {[%clk 1:24:59]}  c5 {[%clk 1:28:48]} 15. b3 {[%clk 1:22:21]}  Rad8 {[%clk 1:27:25]} 16. Rae1 {[%clk 1:18:33]}  a5 {[%clk 1:23:20]} 17. Kh1 {[%clk 1:17:47]}  Nd7 {[%clk 1:22:39]} 18. Nc4 {[%clk 1:12:28]}  Bf6 {[%clk 1:14:24]} 19. e5 {[%clk 1:05:30]}  Be7 {[%clk 1:14:46]} 20. Bd2 {[%clk 0:59:57]}  g6 {[%clk 1:11:09]} 21. Qg4 {[%clk 0:48:20]}  Ba6 {[%clk 1:06:21]} 22. h4 {[%clk 0:37:04]}  Nb6 {[%clk 1:04:37]} 23. Re2 {[%clk 0:35:48]}  Nxc4 {[%clk 1:00:58]} 24. bxc4 {[%clk 0:36:16]}  b3 {[%clk 1:01:06]} 25. h5 {[%clk 0:29:31]}  bxc2 {[%clk 0:47:11]} 26. Bxc2 {[%clk 0:15:28]}  Bxc4 {[%clk 1:00:19]} 27. hxg6 {[%clk 0:14:52]}  hxg6 {[%clk 0:58:43]} 28. Bxg6 {[%clk 0:13:53]}  Bxe2 {[%clk 1:00:14]} 29. Qg3 {[%clk 0:06:09]}  Bg5 {[%clk 0:57:36]} 30. Be4 {[%clk 0:02:29]}  f5 {[%clk 0:51:34]} 31. exf6 {[%clk 0:02:49]}  Rxf6 {[%clk 0:50:42]} 32. Bxa5 {[%clk 0:01:40]}  Qxa5 {[%clk 0:50:13]} 33. Qxg5+ {[%clk 0:02:07]}  Kf7 {[%clk 0:50:36]} 34. Rb1 {[%clk 0:02:30]}  Rd1+ {[%clk 0:51:01]} 0-1

[Event "Masters Tournament (MTO)"]
[Site "Biel, CH"]
[Date "2025.07.23"]
[Round "9"]
[White "Aditya Varun Gampa"]
[Black "Chen, Muxi"]
[Result "1-0"]
[Board "21"]
[WhiteFideId "45066183"]
[BlackFideId "8626073"]
[WhiteTitle "FM"]
[WhiteElo "2187"]
[BlackElo "2224"]
[WhiteTeam "IND"]
[BlackTeam "CHN"]
[WhiteClock "0:46:17"]
[BlackClock "0:06:30"]
[Variant "Standard"]

1. e4 {[%clk 1:33:01]}  c5 {[%clk 1:40:53]} 2. Nf3 {[%clk 1:33:24]}  Nc6 {[%clk 1:41:18]} 3. Bb5 {[%clk 1:33:49]}  g6 {[%clk 1:41:40]} 4. O-O {[%clk 1:34:14]}  Bg7 {[%clk 1:42:03]} 5. d3 {[%clk 1:34:40]}  e5 {[%clk 1:41:38]} 6. a3 {[%clk 1:35:04]}  Nge7 {[%clk 1:38:50]} 7. b4 {[%clk 1:34:50]}  cxb4 {[%clk 1:35:53]} 8. axb4 {[%clk 1:33:53]}  O-O {[%clk 1:30:16]} 9. c4 {[%clk 1:35:44]}  d6 {[%clk 1:27:46]} 10. Qb3 {[%clk 1:29:50]}  Bg4 {[%clk 1:24:39]} 11. Nbd2 {[%clk 1:29:10]}  a6 {[%clk 1:24:29]} 12. Bxc6 {[%clk 1:29:52]}  bxc6 {[%clk 1:20:24]} 13. h3 {[%clk 1:24:43]}  Be6 {[%clk 1:19:46]} 14. Bb2 {[%clk 1:19:23]}  Qb6 {[%clk 1:15:30]} 15. Bc3 {[%clk 1:00:35]}  h6 {[%clk 1:12:01]} 16. Ra5 {[%clk 0:53:21]}  f5 {[%clk 1:09:19]} 17. Qa3 {[%clk 0:44:20]}  fxe4 {[%clk 1:06:19]} 18. dxe4 {[%clk 1:16:59]}  Rxf3 {[%clk 0:35:21]} 19. Nxf3 {[%clk 1:16:58]}  Bxc4 {[%clk 0:35:41]} 20. Rd1 {[%clk 1:16:52]}  Nc8 {[%clk 0:29:56]} 21. Nd2 {[%clk 1:10:33]}  Bb5 {[%clk 0:27:19]} 22. Qb3+ {[%clk 1:10:27]}  Kh7 {[%clk 0:26:31]} 23. Qe6 {[%clk 1:10:08]}  Qd8 {[%clk 0:23:05]} 24. Nc4 {[%clk 1:08:51]}  Ra7 {[%clk 0:17:29]} 25. Nxe5 {[%clk 1:04:12]}  Qg8 {[%clk 0:15:19]} 26. Qxg6+ {[%clk 1:03:27]}  Kh8 {[%clk 0:15:44]} 27. Rxd6 {[%clk 0:56:31]}  Nxd6 {[%clk 0:15:35]} 28. Qxd6 {[%clk 0:56:46]}  Qe8 {[%clk 0:14:05]} 29. Bd4 {[%clk 0:52:42]}  Ra8 {[%clk 0:12:11]} 30. Ra3 {[%clk 0:52:40]}  Kh7 {[%clk 0:10:42]} 31. Rg3 {[%clk 0:51:41]}  Ra7 {[%clk 0:06:30]} 32. Ng4 {[%clk 0:46:17]} 1-0

[Event "Masters Tournament (MTO)"]
[Site "Biel, CH"]
[Date "2025.07.23"]
[Round "9"]
[White "Talwalkar, Vedant"]
[Black "Schlegel, Igor"]
[Result "1/2-1/2"]
[Board "22"]
[WhiteFideId "30962498"]
[BlackFideId "1334956"]
[WhiteTitle "FM"]
[BlackTitle "FM"]
[WhiteElo "2014"]
[BlackElo "2275"]
[WhiteTeam "USA"]
[BlackTeam "SUI"]
[WhiteClock "0:06:34"]
[BlackClock "0:05:45"]
[Variant "Standard"]

1. e4 {[%clk 1:37:22]}  c5 {[%clk 1:40:52]} 2. Nf3 {[%clk 1:37:47]}  g6 {[%clk 1:41:16]} 3. d4 {[%clk 1:37:54]}  cxd4 {[%clk 1:41:39]} 4. Nxd4 {[%clk 1:38:17]}  Nc6 {[%clk 1:42:04]} 5. Nc3 {[%clk 1:38:39]}  Bg7 {[%clk 1:42:29]} 6. Be3 {[%clk 1:39:03]}  Nf6 {[%clk 1:42:53]} 7. Bc4 {[%clk 1:39:28]}  O-O {[%clk 1:43:16]} 8. Bb3 {[%clk 1:39:53]}  Re8 {[%clk 1:43:40]} 9. O-O {[%clk 1:40:15]}  d6 {[%clk 1:43:58]} 10. h3 {[%clk 1:40:35]}  Na5 {[%clk 1:43:12]} 11. Re1 {[%clk 1:40:49]}  a6 {[%clk 1:40:02]} 12. Qd2 {[%clk 1:32:12]}  b5 {[%clk 1:36:16]} 13. a4 {[%clk 1:19:56]}  Nxb3 {[%clk 1:10:48]} 14. Nxb3 {[%clk 1:20:13]}  b4 {[%clk 1:10:55]} 15. Nd1 {[%clk 1:18:56]}  Nxe4 {[%clk 1:02:34]} 16. Qxb4 {[%clk 1:19:09]}  Bf5 {[%clk 1:00:55]} 17. Bb6 {[%clk 1:13:28]}  Rb8 {[%clk 1:01:08]} 18. a5 {[%clk 1:11:32]}  Nf6 {[%clk 1:01:04]} 19. Ne3 {[%clk 1:10:02]}  Be4 {[%clk 0:54:26]} 20. Rad1 {[%clk 1:05:36]}  Qc8 {[%clk 0:54:10]} 21. c4 {[%clk 1:00:10]}  Nd7 {[%clk 0:51:11]} 22. c5 {[%clk 0:58:05]}  Qc6 {[%clk 0:44:12]} 23. f3 {[%clk 0:51:44]}  Bf5 {[%clk 0:46:32]} 24. Nxf5 {[%clk 0:28:43]}  gxf5 {[%clk 0:46:53]} 25. cxd6 {[%clk 0:28:43]}  Nxb6 {[%clk 0:46:13]} 26. axb6 {[%clk 0:29:07]}  exd6 {[%clk 0:44:05]} 27. Rxe8+ {[%clk 0:25:56]}  Qxe8 {[%clk 0:44:24]} 28. b7 {[%clk 0:23:24]}  Qe3+ {[%clk 0:25:16]} 29. Kh1 {[%clk 0:23:36]}  Qe2 {[%clk 0:25:41]} 30. Re1 {[%clk 0:23:04]}  Rxb7 {[%clk 0:26:03]} 31. Qa5 {[%clk 0:21:48]}  Qxb2 {[%clk 0:23:31]} 32. Re8+ {[%clk 0:13:28]}  Bf8 {[%clk 0:21:55]} 33. Qxf5 {[%clk 0:05:13]}  Rb5 {[%clk 0:14:04]} 34. Qc8 {[%clk 0:12:54]}  Qg7 {[%clk 0:14:28]} 35. Nd4 {[%clk 0:11:02]}  Re5 {[%clk 0:13:29]} 36. Nc6 {[%clk 0:09:38]}  Rxe8 {[%clk 0:13:20]} 37. Qxe8 {[%clk 0:10:04]}  Qa1+ {[%clk 0:10:57]} 38. Kh2 {[%clk 0:10:29]}  Kg7 {[%clk 0:11:20]} 39. f4 {[%clk 0:09:36]}  Qf6 {[%clk 0:07:08]} 40. Qe3 {[%clk 0:06:36]}  d5 {[%clk 0:06:51]} 41. Ne5 {[%clk 0:03:53]}  Bd6 {[%clk 0:06:52]} 42. Qg3+ {[%clk 0:01:29]}  Kh8 {[%clk 0:05:07]} 43. Nd3 {[%clk 0:01:53]}  Qg6 {[%clk 0:22:52]} 44. Qe3 {[%clk 0:28:55]}  Qe4 {[%clk 0:23:12]} 45. Qd2 {[%clk 0:29:02]}  Qd4 {[%clk 0:18:52]} 46. Kh1 {[%clk 0:28:09]}  h6 {[%clk 0:15:38]} 47. Qc2 {[%clk 0:27:35]}  Kg7 {[%clk 0:13:22]} 48. Qe2 {[%clk 0:26:36]}  Kh7 {[%clk 0:09:58]} 49. Qh5 {[%clk 0:26:03]}  Qa1+ {[%clk 0:08:24]} 50. Kh2 {[%clk 0:26:23]}  Qf6 {[%clk 0:08:49]} 51. Qxd5 {[%clk 0:26:04]}  Bxf4+ {[%clk 0:09:15]} 52. Nxf4 {[%clk 0:26:03]}  Qxf4+ {[%clk 0:09:41]} 53. Kh1 {[%clk 0:26:21]}  Kg7 {[%clk 0:09:41]} 54. Qa5 {[%clk 0:26:11]}  Qf1+ {[%clk 0:09:58]} 55. Kh2 {[%clk 0:26:37]}  Qf4+ {[%clk 0:10:25]} 56. Kh1 {[%clk 0:27:01]}  Qf1+ {[%clk 0:09:59]} 57. Kh2 {[%clk 0:27:28]}  Qb5 {[%clk 0:10:23]} 58. Qc3+ {[%clk 0:27:50]}  Kg6 {[%clk 0:10:46]} 59. Qg3+ {[%clk 0:26:13]}  Kh7 {[%clk 0:11:10]} 60. Qc7 {[%clk 0:26:08]}  Qf5 {[%clk 0:10:37]} 61. Qc4 {[%clk 0:24:49]}  a5 {[%clk 0:11:00]} 62. Kh1 {[%clk 0:24:52]}  Kg8 {[%clk 0:10:22]} 63. Kh2 {[%clk 0:24:18]}  Qd7 {[%clk 0:09:18]} 64. Qf4 {[%clk 0:22:56]}  Qc6 {[%clk 0:08:54]} 65. Qb8+ {[%clk 0:22:49]}  Kh7 {[%clk 0:09:16]} 66. Qb3 {[%clk 0:23:02]}  Qc7+ {[%clk 0:09:33]} 67. Kh1 {[%clk 0:23:24]}  Qc1+ {[%clk 0:09:58]} 68. Kh2 {[%clk 0:23:42]}  Qf4+ {[%clk 0:10:27]} 69. Kh1 {[%clk 0:23:54]}  a4 {[%clk 0:10:53]} 70. Qc2+ {[%clk 0:23:48]}  Kg7 {[%clk 0:11:13]} 71. Qc3+ {[%clk 0:24:05]}  Kg8 {[%clk 0:11:19]} 72. Qc8+ {[%clk 0:24:25]}  Kg7 {[%clk 0:11:45]} 73. Qc3+ {[%clk 0:24:51]}  Qf6 {[%clk 0:11:51]} 74. Qg3+ {[%clk 0:25:09]}  Kh7 {[%clk 0:12:12]} 75. Qd3+ {[%clk 0:25:34]}  Kh8 {[%clk 0:12:35]} 76. Qa3 {[%clk 0:25:34]}  Qf1+ {[%clk 0:12:48]} 77. Kh2 {[%clk 0:25:59]}  Qf4+ {[%clk 0:13:11]} 78. Kh1 {[%clk 0:26:23]}  Qc4 {[%clk 0:12:04]} 79. Qb2+ {[%clk 0:25:46]}  Kh7 {[%clk 0:12:14]} 80. Qb1+ {[%clk 0:26:12]}  Kg7 {[%clk 0:12:38]} 81. Qb2+ {[%clk 0:26:36]}  Kg6 {[%clk 0:11:39]} 82. Qb1+ {[%clk 0:26:03]}  Kg5 {[%clk 0:10:46]} 83. Qe1 {[%clk 0:24:45]}  Qd4 {[%clk 0:11:00]} 84. Qg3+ {[%clk 0:24:47]}  Kf6 {[%clk 0:11:01]} 85. Qa3 {[%clk 0:22:47]}  Ke6 {[%clk 0:11:03]} 86. Qa2+ {[%clk 0:23:06]}  Ke7 {[%clk 0:11:24]} 87. Qe2+ {[%clk 0:22:23]}  Kf8 {[%clk 0:11:41]} 88. Qc2 {[%clk 0:20:13]}  a3 {[%clk 0:11:40]} 89. Qc1 {[%clk 0:17:21]}  Qd6 {[%clk 0:09:57]} 90. Qc8+ {[%clk 0:17:56]}  Kg7 {[%clk 0:10:08]} 91. Qc3+ {[%clk 0:18:20]}  Kg8 {[%clk 0:06:12]} 92. Qc8+ {[%clk 0:18:42]}  Kg7 {[%clk 0:06:39]} 93. Qc3+ {[%clk 0:19:08]}  Kg8 {[%clk 0:06:51]} 94. Qc8+ {[%clk 0:19:32]}  Qf8 {[%clk 0:07:16]} 95. Qg4+ {[%clk 0:18:37]}  Kh7 {[%clk 0:07:03]} 96. Qf5+ {[%clk 0:19:00]}  Kh8 {[%clk 0:07:28]} 97. Qe5+ {[%clk 0:18:08]}  f6 {[%clk 0:07:41]} 98. Qe6 {[%clk 0:17:18]}  f5 {[%clk 0:05:49]} 99. Qa6 {[%clk 0:16:04]}  Kg7 {[%clk 0:04:50]} 100. Qa7+ {[%clk 0:16:04]}  Kg6 {[%clk 0:05:08]} 101. Qb6+ {[%clk 0:14:56]}  Kf7 {[%clk 0:02:46]} 102. Qb3+ {[%clk 0:14:46]}  Kg7 {[%clk 0:03:06]} 103. Qc3+ {[%clk 0:14:33]}  Kh7 {[%clk 0:03:28]} 104. Qa5 {[%clk 0:12:37]}  h5 {[%clk 0:01:11]} 105. Qa7+ {[%clk 0:12:21]}  Kg6 {[%clk 0:03:02]} 106. Qa6+ {[%clk 0:11:20]}  Kg5 {[%clk 0:03:23]} 107. h4+ {[%clk 0:03:49]}  Kxh4 {[%clk 0:03:37]} 108. Qg6 {[%clk 0:02:02]}  Qe7 {[%clk 0:01:54]} 109. Kh2 {[%clk 0:04:02]}  Qg5 {[%clk 0:01:45]} 110. Qd6 {[%clk 0:02:41]}  f4 {[%clk 0:01:34]} 111. Qxa3 {[%clk 0:03:01]}  Qg3+ {[%clk 0:01:56]} 112. Qxg3+ {[%clk 0:03:26]}  fxg3+ {[%clk 0:02:22]} 113. Kg1 {[%clk 0:03:44]}  Kg4 {[%clk 0:02:50]} 114. Kh1 {[%clk 0:04:06]}  Kf4 {[%clk 0:03:08]} 115. Kg1 {[%clk 0:04:27]}  Ke3 {[%clk 0:03:33]} 116. Kh1 {[%clk 0:04:53]}  Ke2 {[%clk 0:03:59]} 117. Kg1 {[%clk 0:05:20]}  h4 {[%clk 0:04:25]} 118. Kh1 {[%clk 0:05:40]}  h3 {[%clk 0:04:50]} 119. Kg1 {[%clk 0:05:35]}  h2+ {[%clk 0:05:17]} 120. Kh1 {[%clk 0:06:34]}  Kd2 {[%clk 0:05:45]} 1/2-1/2